Largest Cities in São Tomé and Príncipe - Statistics

General Stats
  • This quiz has been taken 14 times
  • The average score is 2 of 10
Answer Stats
Population City % Correct
66,888 São Tomé
90%
2,576 Santo António
30%
8,391 Neves
20%
6,685 Trindade
20%
3,072 Bombom
10%
3,326 Guadalupe
10%
2,249 São João
10%
3,923 Almas
0%
3,391 Pantufo
0%
7,445 Santana
0%
No matching quizzes found
Score Distribution
Percent of People with Each Score
Percentile by Number Answered
Your Score History
You have not taken this quiz